[Event "Pamplona 9495 5th"]
[Site "Pamplona"]
[Date "1994.??.??"]
[Round "?"]
[White "Morozevich, Alexander"]
[Black "Topalov, Veselin"]
[Result "1-0"]
[WhiteElo "2605"]
[BlackElo "2630"]
[Annotator "Kortschnoj,V"]
[PlyCount "65"]
[EventDate "1994.12.??"]
[EventType "tourn"]
[EventRounds "9"]
[EventCountry "ESP"]
[EventCategory "13"]
[SourceTitle "CBM 046"]
[Source "ChessBase"]
[SourceDate "1995.06.01"]
[SourceVersion "1"]
[SourceVersionDate "1995.06.01"]
[SourceQuality "1"]

1. e4 c5 2. Nf3 d6 3. Bb5+ Bd7 4. Bxd7+ Qxd7 5. c4 g6 6. d4 cxd4 7. Nxd4 Bg7 8.
O-O Nc6 9. Ne2 $4 (9. Be3 Nf6 10. f3 $14) 9... Ne5 $1 10. Nbc3 (10. Na3 $142
Rc8 11. Qb3 Qc6 $17 12. Ng3 Nf6 (12... Nxc4 13. Nxc4 Qxc4 14. Qxb7)) 10... Nxc4
11. b3 Nb6 12. a4 Qd8 13. Be3 Nf6 14. Rc1 O-O 15. h3 Nbd7 16. g4 Ne5 17. f4 Nc6
18. f5 Rc8 19. Nf4 Nd7 20. g5 Nb4 21. Nce2 Nc5 $6 (21... Rxc1 $17) 22. Rc4 a5
23. Ng3 Be5 24. Qg4 $5 Nxb3 $4 (24... Bxf4 $142 $1 $17) (24... Qd7 $142 25.
Bxc5 Rxc5 26. fxg6 (26. Rxc5 dxc5 27. Rd1 Bd4+) 26... Qxg4 27. gxh7+ Kxh7 28.
hxg4 Rxc4 29. bxc4 Rc8 $17) 25. fxg6 $1 Rxc4 (25... fxg6 26. Qe6+ Kg7 (26...
Kh8 27. Nxg6+) 27. Nfh5+ gxh5 28. Nxh5+ Kh8 29. Rxf8+ $18) (25... hxg6 26. Nxg6
$1 Rxc4 27. Nxe5 dxe5 28. g6 fxg6 (28... f6 29. Qh5 $18) 29. Qxg6+ Kh8 30. Qh6+
Kg8 31. Nf5 Rf7 (31... Rxf5 32. Rxf5 Qd1+ 33. Rf1 $18) 32. Kh1 $1 (32. Qg6+ Kh8
$1 33. Qxf7 Qg8+ 34. Qxg8+ Kxg8 35. Nxe7+ Kg7 $132) 32... Rh7 33. Qe6+ Kh8 34.
Qxe5+ Kg8 35. Nh6+ Rxh6 36. Bxh6 $18) 26. gxh7+ $142 Kh8 (26... Kxh7 27. Nf5 $1
Nc2 (27... Bxf4 28. Qh5+ Kg8 29. g6 $1 $18) (27... e6 28. g6+ fxg6 29. Qxg6+
Kh8 30. Qh5+ Kg8 31. Nh6+ Kh7 32. Nf7+ Kg8 33. Qg6+ Bg7 34. Nh5 $18) 28. g6+
fxg6 29. Qxg6+ Kh8 30. Qh5+ Kg8 31. Nh6+ Kh7 32. Nf7+ Kg8 33. Qg6+ Bg7 34. Ne6
$18) 27. g6 Nc2 (27... e6 28. gxf7 $1 (28. Ngh5 Rxe4 $1 29. g7+ Kxh7 $17) 28...
Bxf4 29. Rxf4 Nc2 30. Nh5 $18) 28. Nf5 $18 Bg7 29. gxf7 Rxf7 30. Qh5 Rf6 31.
Ng6+ Rxg6+ 32. Qxg6 Qf8 33. Bh6 $1 (33. Bh6 Bxh6 34. Nxh6 $18) 1-0

[Event "Gibraltar Masters 13th"]
[Site "Caleta"]
[Date "2015.02.02"]
[Round "7"]
[White "Howell, David"]
[Black "Nakamura, Hikaru"]
[Result "1/2-1/2"]
[WhiteElo "2670"]
[BlackElo "2776"]
[Annotator "Lamprecht,F"]
[PlyCount "136"]
[EventDate "2015.01.27"]
[EventType "swiss"]
[EventRounds "10"]
[EventCountry "GGB"]
[SourceTitle "CBM 165"]
[Source "ChessBase"]
[SourceDate "2015.03.11"]
[SourceVersion "1"]
[SourceVersionDate "2015.03.11"]
[SourceQuality "1"]

1. e4 c5 2. Nf3 d6 3. Bb5+ Bd7 4. Bxd7+ Nxd7 5. O-O Ngf6 6. Re1 e6 7. c3 Be7 8.
d4 O-O 9. Nbd2 cxd4 10. cxd4 Qb6 11. b3 d5 12. e5 Ne8 13. Nf1 Nc7 14. Ng3 Rac8
15. Re3 Nb5 16. Rd3 Rc6 17. Bg5 Bxg5 18. Nxg5 h6 19. Nh3 Rfc8 20. Nf4 Qd8 21.
a4 Nc3 22. Qf3 Qg5 23. h3 Nf8 24. Kh2 Ng6 25. Nxg6 Qxg6 26. Re3 b5 27. axb5
Nxb5 28. Ne2 Rc2 29. Ra5 Rb8 30. Rd3 Rb2 31. Qe3 Rb6 32. Rd2 Qb1 33. Nc3 Nxc3
34. Qxc3 R6xb3 35. Rxb2 Qxb2 36. Qxb2 Rxb2 37. Kg3 Rb4 38. h4 g6 39. Kg4 Rxd4+
40. f4 f6 41. exf6 Kf7 42. Rxa7+ Kxf6 43. Kf3 Rd3+ 44. Ke2 Rb3 45. Rh7 h5 46.
Rd7 Rb1 47. Rd8 Rh1 48. g3 Kf5 49. Kf3 Rf1+ 50. Ke2 Ra1 51. Rf8+ Kg4 52. Rf6
Kxg3 53. Rxe6 Kxf4 54. Rxg6 Ra3 55. Rg5 Re3+ 56. Kd2 Re5 57. Rg8 Ke4 58. Rh8
Kf3 59. Rg8 Re4 60. Rg5 Rd4+ 61. Kc2 Rxh4 62. Rxd5 Rh1 {[#]} 63. Kb2 $2 {
Howell strebt eine Vancura Remisstellung an. Mit dem Turm auf der d-Linie geht
dies aber nicht, da dieser schon bald vom schwarzen König angegriffen werden
kann. Mit sehr wenig Zeit auf der Uhr ist das Remis hier nur schwer zu finden:}
(63. Rd3+ $1 Ke4 64. Rc3 $3 {Der Turm gehört auf die c-Linie!} (64. Rb3 $2 h4
$1 65. Kb2 Kf4 66. Rc3 Rf1 67. Kc2 Rf3 $19) 64... h4 (64... Rf1 65. Rh3 Rf5 66.
Kd2 $11) (64... Kf4 65. Kd2 $1 h4 66. Ke2 $1 $11) (64... Rh2+ 65. Kd1 $11) 65.
Kb2 Rh2+ 66. Kb1 $11 (66. Kb3 $4 Rd2 $1 $19)) (63. Rc5 $2 {wäre verfrüht:} h4
64. Rh5 h3 65. Rh8 Kg2 66. Rg8+ Kh2 67. Kd2 Rg1 $1 68. Rf8 Kg2 (68... Rg5 $5
69. Ke2 Kg3 $19) (68... Rg4 $4 69. Ke2 $1 Kg3 70. Rf3+ $1 Kh4 71. Rf8 h2 72.
Kf2 $1 h1=Q $6 (72... h1=N+ $11) 73. Rh8+ $1 $11) 69. Rg8+ (69. Ke2 h2 $1 70.
Rg8+ Kh3 $1 71. Rh8+ Kg3 $1 72. Rg8+ Kf4 $1 $19) 69... Kh1 $1 70. Rf8 h2 (70...
Rg5 $5) 71. Ke3 Kg2 $1 72. Rg8+ Kf1 $1 73. Rf8+ Ke1 $1 74. Ra8 Rg3+ $1 75. Kf4
Rf3+ 76. Kg4 Rf1 $19) 63... h4 64. Rd4 {[#]} Ke3 $4 {Ein grober Fehler von
Nakamura, der damit seinen siebten Sieg in Folge verpasst. Zum Gewinn führte}
(64... Kg3 {droht den Turm zu verbessern} 65. Rd3+ Kf2 66. Rd2+ (66. Rd4 h3 67.
Rd2+ (67. Rh4 Kg3 68. Rh8 Rh2+ 69. Kc3 Rf2 70. Kd3 h2 71. Ke3 Rf3+ 72. Ke2 Rf4
$19) (67. Rd3 h2 $1 68. Rd2+ Ke3 69. Rc2 Rb1+ $19) 67... Ke3 $1 68. Rc2 Rd1 $1
(68... h2 $4 69. Rc3+ Kf2 70. Rc2+ $1 Ke3 71. Rc3+ Kd4 72. Rh3 $1 $11) 69. Rh2
Rd2+ $1 $19) (66. Rc3 Re1 $19) 66... Ke3 {jetzt passt es, denn nach} 67. Rc2 {
ist der Bauer nicht angegriffen:} Rf1 68. Rc4 Rf4 $19) 65. Rc4 h3 66. Rc3+ $1 {
[#]Nun hat Howell die Standard-Vancura-Remisstellung erreicht.} Kd4 67. Rg3
Rh2+ 68. Ka1 Rh1+ 1/2-1/2

[Event "Capablanca Memorial Elite 47th"]
[Site "Havana"]
[Date "2012.05.05"]
[Round "2"]
[White "Ivanchuk, Vassily"]
[Black "Dominguez Perez, Leinier"]
[Result "1-0"]
[WhiteElo "2764"]
[BlackElo "2725"]
[Annotator "Let's Check"]
[PlyCount "103"]
[EventDate "2012.05.03"]
[EventType "tourn"]
[EventRounds "10"]
[EventCountry "CUB"]
[EventCategory "18"]
[SourceTitle "CBM 149"]
[Source "ChessBase"]
[SourceDate "2012.07.17"]
[SourceVersion "1"]
[SourceVersionDate "2012.07.17"]
[SourceQuality "1"]

1. e4 c5 2. Nf3 d6 3. Bb5+ Bd7 4. Bxd7+ Qxd7 5. c4 Nf6 6. Nc3 g6 7. d4 cxd4 8.
Nxd4 Bg7 9. f3 O-O 10. Be3 Nc6 11. O-O a6 12. a4 e6 13. Nde2 Rfe8 14. Bg5 h6
15. Bh4 g5 16. Bf2 d5 17. cxd5 exd5 18. Ng3 dxe4 19. Qxd7 Nxd7 20. Ncxe4 Nf6
21. Nd6 Re7 22. Ngf5 Rd7 23. Rad1 Kh7 24. g4 Ne7 25. Nxe7 Rxe7 26. Nf5 Re6 27.
Rd3 Rc8 28. Rfd1 b5 29. axb5 axb5 30. Rb3 Rb8 31. h4 Bf8 32. Kg2 b4 33. Rbd3
Ree8 34. R1d2 Ra8 35. Nd6 Re7 36. Bc5 gxh4 37. Bxb4 Rd7 38. Bc3 Ra6 39. Nf5
Rxd3 40. Rxd3 Rb6 $2 (40... h5 41. Rd8 Bh6 $14) 41. Rd8 $18 Bb4 42. Bd4 Re6 43.
Kh3 h5 44. gxh5 Nxh5 45. Rh8+ Kg6 46. Nxh4+ Kg5 47. Rg8+ Kh6 48. Nf5+ Kh7 49.
Rh8+ Kg6 50. Kg4 Nf6+ 51. Bxf6 Kxf6 52. f4 1-0

[Event "ARM-ch 72nd"]
[Site "Yerevan"]
[Date "2012.01.11"]
[Round "1"]
[White "Grigoryan, Avetik"]
[Black "Andriasian, Zaven"]
[Result "1/2-1/2"]
[WhiteElo "2621"]
[BlackElo "2624"]
[Annotator "Let's Check"]
[PlyCount "40"]
[EventDate "2012.01.11"]
[EventType "tourn"]
[EventRounds "11"]
[EventCountry "ARM"]
[EventCategory "13"]
[SourceTitle "CBM 147"]
[Source "ChessBase"]
[SourceDate "2012.03.16"]
[SourceVersion "1"]
[SourceVersionDate "2012.03.16"]
[SourceQuality "1"]

1. e4 c5 2. Nf3 d6 3. Bb5+ Bd7 4. Bxd7+ Qxd7 5. O-O Nf6 6. Qe2 Nc6 7. c3 Qg4 8.
d3 Ne5 9. Nbd2 Nh5 10. d4 Nf4 11. Qb5+ Kd8 12. Ne1 Ned3 13. f3 $1 (13. Qxb7 $2)
13... Qg5 $1 (13... Nh3+ $2) 14. Nb3 $1 (14. Qxb7 $2) 14... Ne2+ 15. Kh1 Ndxc1
16. f4 Qh4 17. Nf3 Ng3+ 18. Kg1 Nge2+ 19. Kh1 Ng3+ 20. Kg1 Nge2+ $1 (20...
Nce2+ $2) 1/2-1/2

[Event "Sigeman & Co 20th"]
[Site "Malmo"]
[Date "2012.05.15"]
[Round "6"]
[White "Caruana, Fabiano"]
[Black "Grandelius, Nils"]
[Result "1-0"]
[WhiteElo "2770"]
[BlackElo "2556"]
[Annotator "Let's Check"]
[PlyCount "83"]
[EventDate "2012.05.09"]
[EventType "tourn"]
[EventRounds "7"]
[EventCountry "SWE"]
[EventCategory "16"]
[SourceTitle "CBM 149"]
[Source "ChessBase"]
[SourceDate "2012.07.17"]
[SourceVersion "1"]
[SourceVersionDate "2012.07.17"]
[SourceQuality "1"]

1. e4 c5 2. Nf3 d6 3. Bb5+ Bd7 4. Bxd7+ Qxd7 5. O-O Nf6 6. Qe2 Nc6 7. c3 e6 8.
d3 Be7 9. Rd1 O-O 10. Nbd2 Ng4 11. d4 cxd4 12. cxd4 d5 13. e5 Nh6 14. Nb3 Nf5
15. Bf4 Qd8 16. Rac1 Rc8 17. Rc3 Bb4 18. Rcd3 Be7 19. a3 a5 20. Nbd2 a4 21. Nb1
b5 22. g4 Nh4 23. Nxh4 Bxh4 24. Nc3 Rb8 25. Rh3 Bg5 26. Bg3 b4 27. Nxa4 bxa3
28. Qc2 h6 29. Qxc6 $2 (29. f4 axb2 30. Nxb2 $15) 29... axb2 $2 (29... Qa5 30.
Bh4 Rbc8 $19) 30. Qc2 $11 Qa5 31. f4 Rfc8 32. Nc5 Qb4 33. Qb1 $6 (33. fxg5 b1=Q
34. Rxb1 $11) 33... Qc3 $6 (33... Be7 34. Be1 Qxd4+ $17) 34. Kg2 $11 Rxc5 35.
dxc5 Rb3 36. Rf1 $1 (36. fxg5 $2) 36... Ra3 $4 (36... Be7 37. f5 Bg5 $15) 37.
Rf2 $18 Ra1 38. Qxb2 Qe1 39. Rh5 g6 40. fxg5 gxh5 41. Qb8+ Kg7 42. Rxf7+ 1-0

[Event "Candidates Tournament"]
[Site "Khanty-Mansiysk"]
[Date "2014.03.18"]
[Round "5"]
[White "Karjakin, Sergey"]
[Black "Mamedyarov, Shakhriyar"]
[Result "1/2-1/2"]
[WhiteElo "2766"]
[BlackElo "2757"]
[Annotator "Marjanovic,S"]
[PlyCount "61"]
[EventDate "2014.03.13"]
[EventType "tourn"]
[EventRounds "14"]
[EventCountry "RUS"]
[EventCategory "21"]
[SourceTitle "CBM 160"]
[Source "ChessBase"]
[SourceDate "2014.05.15"]
[SourceVersion "1"]
[SourceVersionDate "2014.05.15"]
[SourceQuality "1"]

1. e4 c5 2. Nf3 d6 3. Bb5+ {This (Rossolimo) Variation has become a very
important alternative instead of 3.d4. It has been played by the strongest
grandmasters including Kasparov and Carlsen.} Bd7 {Main move} ({The second
possibility} 3... Nd7 {has become very popular in the last two years}) ({
while the third possibility} 3... Nc6 {after} 4. O-O Bd7 5. Re1 Nf6 6. c3 a6 {
is still playable.}) 4. Bxd7+ Qxd7 5. c4 ({When I was younger one often saw} 5.
O-O Nf6 $5 (5... Nc6 6. c3 Nf6 7. d4 $5 Nxe4 8. d5 Ne5 9. Re1 $44 {White has
adequate compensation for the sacrificed pawn}) 6. e5 dxe5 7. Nxe5 Qc8 {
or ...Qc7 with an unclear position.}) 5... Nf6 {The new main line (without ...
Nc6).} (5... Qg4 $6 {is too risky} 6. O-O Qxe4 7. d4 {with an advantage in
development.}) ({In the past} 5... Nc6 {was required. The old main line was
after} 6. d4 cxd4 7. Nxd4 Nf6 (7... g6) 8. Nc3 g6 (8... Qg4) (8... e6) 9. f3 (
9. O-O Bg7 10. Nde2) 9... Bg7 10. Be3 O-O 11. O-O {with a small (space)
advantage.}) 6. Nc3 g6 7. d4 cxd4 8. Nxd4 Bg7 9. O-O {Third possibility.} ({
The second possibility is} 9. h3 Qc7 $5 10. b3 Qa5 11. Bd2 Nxe4 $1 12. Nxe4 Qe5
13. Qb1 f5 14. Bc3 Qxe4+ 15. Qxe4 fxe4 16. Nb5 Bxc3+ 17. Nxc3 Na6 ({more often
} 17... Rf8 {was played immediately}) ({while} 17... Nd7 {was seen last year
in one of my games} 18. Nxe4 Rc8 19. Kd2 Nc5 20. Rhe1 Nxe4+ 21. Rxe4 Rf8 22. f3
Kd7 23. Rae1 Rf7 24. a4 Rc5 25. Kd3 Rg5 26. R1e2 h5 27. Ke3 Rgf5 {1/2-1/2 (27)
Spasov,V (2573)-Marjanovic,S (2464) Serbia chT, Kragujevac 2013}) 18. Nxe4 Rf8
19. O-O-O Rc8 20. Rhe1 Kd7 21. Kb2 Nc5 22. f3 Nxe4 23. Rxe4 Rc5 24. b4 Rcf5 25.
Kc3 Rf4 26. Rxf4 Rxf4 $11 {1/2-1/2 (51) Kasimdzhanov,R (2699)-Ivanchuk,V (2755)
Thessaloniki 2013}) ({The most playable move (in the new main line) is} 9. f3
O-O (9... Qc7 $5 {was played by Anand against Carlsen, 2012}) 10. Be3 Rc8 11.
b3 a6 {and Black has to play very precisely in order to equalise.}) ({While
after} 9. b3 $5 {(played by Negi and Rozentalis)} Nc6 10. Bb2 O-O 11. O-O {
we are getting to the same position as in the annotated game.}) 9... O-O ({
The previous move 9.0-0 allows a transposition to the old main line:} 9... Nc6
10. Nde2 Qe6 $5 (10... O-O 11. f3) 11. Nd5 Qxe4 12. Nc7+ Kd7 13. Nxa8 Qxc4 $13
{with an unclear position.}) 10. b3 $5 ({If} 10. f3 Rc8 11. b3 {Black
equalises thanks to Ivanchuk's improvement} d5 $1 12. exd5 Nxd5 13. Nxd5 e6 14.
Bh6 $1 exd5 15. Bxg7 Kxg7 $11) 10... Nc6 11. Bb2 a6 12. Nd5 ({Black does not
equalise even after} 12. Nxc6 Qxc6 (12... bxc6 13. Qe2 Rad8 14. Rad1 Rfe8 15.
Na4 $14 {1-0 (40) Rodshtein,M (2683)-Svane,R (2472) Groningen NED 2013}) 13.
Nd5 Nxd5 14. exd5 Qc5 15. Bxg7 Kxg7 16. Re1 (16. Qd2 $5) 16... e5 (16... Rfe8
17. Qd2 $14 b5 (17... e5) 18. Rac1 Qa7 19. b4 bxc4 20. Rxc4 $16 {1-0 (26)
Bacrot,E (2730)-Giri,A (2749) Germany 2013}) 17. dxe6 fxe6 18. Qd2 Rf6 19. Rad1
Raf8 20. Re2 e5 21. a4 $14 {1/2-1/2 (46) Adams,M (2752)-Areshchenko,A (2720)
Warsaw 2013}) 12... Nxd5 13. exd5 Nxd4 14. Bxd4 Bxd4 15. Qxd4 b5 16. Rfe1 {
In this position White has also a small (space) advantage.} Rfc8 (16... bxc4
17. bxc4 Rfe8 18. h4 h5 19. Re3 e5 (19... Rac8 $5) 20. dxe6 Rxe6 21. c5 $14 {
1/2-1/2 (35) Negi,P (2638)-Jianu,V (2500) Cappelle la Grande 2013}) 17. h4 $146
{A novelty.} ({After} 17. Re4 bxc4 18. bxc4 {Black can try} Rc7 $5 (18... Qa7
19. Qd2 Rab8 20. Rae1 Rc7 21. h4 Rbb7 22. h5 $14 {1/2-1/2 (63) Rozentalis,E 
(2592)-Socko,B (2617) Austria 2013}) 19. Rae1 Rac8 {as in the annotated game.})
17... bxc4 18. bxc4 {Black has almost a balanced position: he has a weak pawn
on e7, while White has one on c4.} h5 {one more precise move} ({If} 18... Ra7
19. h5 {Black can equalise with some effort:} Rac7 20. Rac1 Qf5 21. h6 (21.
hxg6 hxg6 22. Rc3 a5 $11) 21... f6 22. Re4 Qg5 23. Rce1 Qxh6 24. Rxe7 Rxe7 25.
Rxe7 Qc1+ 26. Kh2 Qh6+ 27. Kg3 Qg5+ 28. Kf3 Qf5+ 29. Ke3 Qg5+ 30. Ke2 Qc1 $11)
19. Re4 Rc7 20. Rae1 Rac8 21. Qb6 (21. Rxe7 Qxe7 22. Rxe7 Rxe7 23. g4 (23. g3
Re2 $13) 23... hxg4 24. Qxg4 Rec7 25. h5 Rxc4 26. Qg5 Kg7 27. hxg6 f6 28. Qf5
Rh8 $11) (21. Qd3 Qa4 22. Qb3 Qxb3 23. axb3 Rb8 $11) 21... a5 (21... Qa4 22. c5
Qb5 23. Qxb5 axb5 24. c6 e6 25. dxe6 Rxc6 26. exf7+ Kxf7 $11 {is an equal
ending.}) ({After} 21... Rxc4 22. Rxe7 Qf5 23. Qxd6 Rc2 24. Qb6 Rd2 $44 {
Black has adequate compensation.}) 22. Qxa5 (22. Rxe7 Qxe7 23. Rxe7 Rxe7 24.
Qxa5 (24. Qxd6 Re1+ 25. Kh2 Rxc4 26. Qd8+ Kg7 27. Qxa5 Rxh4+ 28. Kg3 Rg4+ 29.
Kf3 Rd1 $11) 24... Re4 25. g3 Rcxc4 26. Qd8+ Kg7 27. Qxd6 Re2 $11) ({The last
try to get a small advantage was} 22. Qb3 $5 Rb7 23. Qc3 a4 24. g3) 22... Rxc4
23. Rxe7 Qf5 $44 {Black has sufficient compensation.} 24. Qd2 Qf4 (24... Kh7
25. Qg5 $14) 25. Qxf4 Rxf4 26. g3 (26. Rd7 Rc2 27. f3 Rxa2 28. Rxd6 Rd4 $11)
26... Rf5 27. a4 Rxd5 28. Re8+ Rxe8 29. Rxe8+ Kg7 30. Ra8 Rd3 31. a5 1/2-1/2

[Event "FIDE Chess.com Grand Swiss"]
[Site "Douglas"]
[Date "2019.10.13"]
[Round "4"]
[White "McShane, Luke J"]
[Black "Adhiban, Baskaran"]
[Result "1-0"]
[WhiteElo "2682"]
[BlackElo "2639"]
[Annotator "McShane,L"]
[PlyCount "73"]
[EventDate "2019.10.10"]
[EventType "swiss"]
[EventRounds "11"]
[EventCountry "IOM"]
[SourceTitle "CBM 193"]
[Source "ChessBase"]
[SourceDate "2019.12.31"]
[SourceVersion "1"]
[SourceVersionDate "2019.12.31"]
[SourceQuality "1"]

1. e4 ({The following game will be referred to in the notes later:} 1. c4 c5 2.
Nf3 Nc6 3. d4 cxd4 4. Nxd4 Nf6 5. Nc3 e6 6. a3 Bc5 7. Nb3 Be7 8. e4 O-O 9. Be2
b6 10. O-O Bb7 11. Bf4 d6 12. Rc1 Rc8 13. Re1 Ne5 14. Nd2 Nfd7 15. Be3 Qc7 16.
b4 Qb8 17. f4 Ng6 18. g3 Rfe8 19. Bf3 Qa8 20. Bf2 Ngf8 21. Qe2 Qb8 22. Red1 g6
23. e5 Bc6 24. Bd4 Red8 25. Bxc6 Rxc6 26. Nf3 dxe5 27. fxe5 Rdc8 28. Ne4 Qc7
29. Nfd2 a6 30. Nf2 Bg5 31. Rf1 Bxd2 32. Qxd2 Nxe5 33. Bxe5 Qxe5 34. Ng4 Rd6
35. Nh6+ Kg7 36. Rxf7+ Kh8 37. Qf2 Qd4 38. c5 bxc5 39. Qxd4+ Rxd4 40. Rxc5 Rcd8
41. Rcc7 Rd1+ 42. Kg2 R1d2+ 43. Kh3 R2d5 44. Ng4 Rh5+ 45. Kg2 Rd2+ 46. Kf3 Rf5+
47. Ke3 Rxf7 48. Rxf7 Rd8 49. Nf6 Rb8 50. Kf4 h6 51. Ke5 a5 52. bxa5 Ra8 53. a6
{1-0 (53) Carlsen,M (2848)-Polgar,J (2705) London 2012}) 1... c5 2. Nf3 d6 3.
Bb5+ Bd7 4. Bxd7+ Nxd7 5. O-O Ngf6 6. Qe2 (6. Re1 {is the other main move.})
6... e6 7. d4 cxd4 8. Nxd4 a6 9. c4 Rc8 10. b3 {In such positions, White
normally needs to be careful with the move order to avoid tactical tricks
against the centre. However, it's interesting to note that} (10. Nc3 $5 {
might be playable anyway, e.g.} Qc7 11. b3 b5 12. cxb5 Qxc3 13. Be3 Qa5 14.
Rfc1 {with dangerous compensation for the piece.}) 10... g6 11. Bb2 Bg7 12. Nc3
O-O 13. Rad1 Qc7 14. Kh1 (14. f4 {might perhaps have been played immediately.}
e5 15. fxe5 Nxe5 {looks a little better for White. In the future, the Nd4 may
move towards the d5 square.}) 14... Rfd8 (14... d5 $5 15. cxd5 exd5 16. exd5
Rfe8 17. Qf3 {is equal according to my engine. The d5 pawn is not about to
drop off, but Black's pieces are all active.}) 15. f4 Qb8 {In this game,
Black's heavy pieces turned out to be on the wrong squares. The rook soon
returns to e8, and the Black queen will be out of play on b8. But these
decisions are not easy. For example, if Black left the queen on c7 and rook on
e8, the sacrifice Nd4-b5 (with a fork on d6) would need careful consideration.}
16. Nf3 {Black has to look out for two pawn breaks in this position: e4-e5 and
f4-f5. At this point of the game, I was thinking about the break with e4-e5,
and trying to recall the ideas from the game Carlsen-Polgar, London 2012. That
game started with 1.c4, and is listed in the variation to White's first move.}
Nh5 ({I calculated a straightforward path to an advantage after} 16... b5 17.
cxb5 axb5 18. Qxb5 (18. e5 {is also not bad, but much more complex.}) 18...
Qxb5 (18... Nxe4 19. Qxb8 Rxb8 20. Nxe4 Bxb2 21. Nxd6 $16) 19. Nxb5 Nxe4 20.
Bxg7 Kxg7 21. Nxd6 Nxd6 22. Rxd6 $16) (16... Re8 {is even worse} 17. e5 Nh5 18.
Ne4 Nxf4 19. Qe3 dxe5 20. Rxd7 $18) 17. f5 {It looked natural to push the pawn
first and decide what to do with the f3 knight later.} (17. Ng5 {is my
engine's preference.} h6 18. Nxf7 $1 (18. Nh3 b5 {is quite playable for Black.}
) 18... Kxf7 19. f5 {with an enormous attack:} Kg8 (19... Nhf6 20. fxe6+ Kxe6
21. Nd5 $18) 20. fxe6 Ne5 21. Nd5 {and g2-g4 will soon win a piece back.})
17... Re8 18. fxe6 fxe6 (18... Rxe6 19. Ng5 {is disastrous for Black.}) 19. e5
$1 {A thematic sacrifice, clearing a space for the knight on e4.} Nxe5 20. Nxe5
Bxe5 21. Ne4 Bxb2 (21... Nf4 22. Rxf4 Bxf4 23. Nf6+ {wins easily, e.g.} Kf7 24.
Nxe8 Rxe8 25. Qf3 e5 26. g3 $18) (21... Rcd8 22. Bxe5 dxe5 {is unattractive
for Black.}) 22. Qxb2 d5 (22... Rf8 {was a better defence, and contains a
little trick.} 23. Rxf8+ (23. g4 {is the move White would like to play, but it
doesn't work:} Rxf1+ 24. Rxf1 Rf8 $1 {That's the trick!} 25. Rg1 d5 26. gxh5
dxe4 27. hxg6 h5 {and with Qb8-f4 coming, Black is doing fine}) 23... Rxf8 24.
Qd4 {and White will preserve an edge after capturing on d6.} (24. g4 d5 $1 {
is fine for Black once again.}) (24. Nxd6 $2 Qxd6)) 23. g4 $1 {This move had
to be foreseen when pushing 19.e5!, else White would have to settle for
equality.} (23. Nf6+ Nxf6 24. Qxf6 Qc7 25. cxd5 exd5 26. Rxd5 $11) 23... dxe4
24. gxh5 $16 {White's pieces are on excellent squares, and Black's king is in
serious danger.} e5 (24... Qc7 25. hxg6 hxg6 26. Qg2 Qg7 27. Qxe4 $16 {Most
likely, White will win a pawn soon.}) 25. hxg6 hxg6 26. Qg2 Rc6 27. Rd7 {
Natural and strong. As well as doubling rooks on the seventh rank, Qg2-h3-h7
is threatened.} Rd6 (27... Rd8 {was a bit more stubborn} 28. Rdf7 Qc8 {and
here Black's d8 rook is active on the d-file so White can't win by force} 29.
Qf2 (29. R7f6 $2 Rxf6 30. Rxf6 Rd1+ {and Black is better.}) 29... g5 {to
prevent Qf2-h4} 30. Rf6 $1 {threatens to exchange rooks and play Qf2-f7+} e3
31. Qxe3 Qg4 32. R6f5 Rg6 33. Rxe5 {and Black is lost but the game continues.})
28. Rdf7 {Here I could see that White wins by force. There is only one way to
prevent Qg2-h3-h7 mate.} Qc8 29. R7f6 Rxf6 30. Rxf6 Re7 31. Rxg6+ Kh8 32. Qg5
Qf8 {Black staves off mate, but can't avoid a hopeless pawn endgame.} 33. Qh5+
Rh7 34. Qxe5+ Rg7 35. Qxg7+ Qxg7 36. Rxg7 Kxg7 37. Kg2 1-0